00426nam a2200193Ia 4500003000900000008004100009040001300050040001300063041000800076100001900084245003300103250000900136260002100145260000900166300001100175300001000186490002800196490000800224IT-RoPAU120407s9999 xx 000 0 und d aIT-RoPAU cIT-RoPAU aita aFranz Moschner aIntroduzione alla preghiera. aRoma aEdizioni Paoline c1960 a400 p. c18 cm aBibl. cultura religiosa v119